Revisiting my Pygmy hosts /

Saved in:
Bibliographic Details
Main Author: Schebesta, Paul, 1887-1967
Format: Book
Language:English
German
Published: London : Hutchinson & Co., 1936.
Subjects:
LEADER 00795nam a2200241 a 4500
001 c000415429
003 CARM
005 00000000000000.0
008 900719s1936 enkabf 001 0 eng d
019 1 |a 5768478 
035 |a (OCoLC)2591373 
035 |a (vdu).b12480988 
040 |a VDU  |b eng  |c VDU 
041 1 |a eng  |h ger 
043 |a f-cg--- 
082 0 4 |a 967.5102  |2 20 
100 1 |a Schebesta, Paul,  |d 1887-1967. 
245 1 0 |a Revisiting my Pygmy hosts /  |c by Paul Schebesta ; translated from the German by Gerald Griffin. 
260 |a London :  |b Hutchinson & Co.,  |c 1936. 
300 |a 288 p., [16] p. of plates, 1 folded leaf :  |b ill., maps ;  |c 24 cm. 
650 0 |a Mbuti (African people) 
650 0 |a Ethnology  |z Zaire. 
999 f f |i aa113d66-3ac5-5e14-ad15-1afa8b38fbeb  |s d841c683-a0da-5980-a661-20347b6bca7c